000 00490nam a2200181Ia 4500
005 20250326124321.0
008 250326s9999 xx 000 0 und d
037 _aTextbook
040 _aFMSL
_beng
_cFMSL
041 _aeng
_2eng
084 _aX:8K K4;2
_qFMSL
100 _aBacker M
_9737217
245 0 _aCost accounting : managerial approach
_cBacker M
260 _aNY
_bNY, McGraw-Hill
_c1964
300 _a678p
942 _cTB
_hX:8K K4;2
999 _c1273240
_d1273240